000 00637nam a2200277Ia 4500
005 20260324150739.0
008 008 260324s9999 xx 000 0 eng d
020 _a9781315007014
037 _aEBOOK
040 _aCRL
040 _beng
040 _cCRL
041 _2eng
041 _aeng
084 _qCRL
100 _a Henrik F. Infield
_91227470
245 0 _aCoop Living Palestine Ils 106
260 _bTaylor and Francis
260 _c1946
365 _a
365 _b300
856 _uhttp://www.taylorfrancis.com/books/9781315007014
942 _cEBOOK
999 _c1837490
_d1837490